Colour Idioms and Business English Terms
Článok sa zameriava na idiómy obsahujúce prvok farby, ktoré sa stali ekonomickými a obchodnými pojmami. Analýza týchto pomenovacích jednotiek je založená na korpuse 140 idiómov obsahujúcich jedenásť rôznych farieb, extrahovaných zo slovníkov obchodnej angličtiny. Sústreďuje sa na sémantiku týchto vý...
Guardado en:
| Autor principal: | |
|---|---|
| Formato: | Capítulo de libro |
| Lenguaje: | inglés |
| Materias: | |
| Etiquetas: |
Sin Etiquetas, Sea el primero en etiquetar este registro!
|
MARC
| LEADER | 00000naa a2200000 4500 | ||
|---|---|---|---|
| 001 | 0303083 | ||
| 005 | 20260323094854.2 | ||
| 041 | 0 | |a eng | |
| 044 | |a RO | ||
| 245 | 1 | 0 | |a Colour Idioms and Business English Terms |c Eva Maierová |
| 520 | |a Článok sa zameriava na idiómy obsahujúce prvok farby, ktoré sa stali ekonomickými a obchodnými pojmami. Analýza týchto pomenovacích jednotiek je založená na korpuse 140 idiómov obsahujúcich jedenásť rôznych farieb, extrahovaných zo slovníkov obchodnej angličtiny. Sústreďuje sa na sémantiku týchto výrazov, berúc do úvahy ich figuratívnosť, ako aj symbolický charakter farieb. Na základe zistení, že tento proces pomenovávania je produktívny, sú navrhnuté metódy na začlenenie farebných idiómov do výučby angličtiny na špecifické akademické účely. | ||
| 610 | 2 | 0 | |a angličtina |
| 610 | 2 | 0 | |a filológia |
| 610 | 2 | 0 | |a jazykoveda |
| 610 | 2 | 0 | |a jazyky cudzie |
| 100 | 1 | |a Maierová, Eva, 1965- | |